000 01254cam a2200313 i 4500
001 17964133
003 PILC
005 20151123161446.0
008 131205s2015 nyu 001 0 eng
010 _a 2013048330
020 _a9780077862237 (alk. paper : hbk)
020 _a9781259095597
040 _aDLC
_beng
_cDLC
_erda
_dDLC
042 _apcc
050 0 0 _aHF 5636
_b.H693 2015
082 0 0 _a657/.046
100 1 _aHoyle, Joe Ben.
245 1 0 _aFundamentals of advanced accounting /
_cJoe B. Hoyle, Associate Professor of Accounting, Robins School of Business, University of Richmond, Thomas F. Schaefer, KPMG Professor of Accountancy, Mendoza College of Business, University of Notre Dame, Timothy S. Doupnik, Professor of Accounting, Darla Moore School of Business, University of South Carolina.
250 _a6th edition.
260 _aNew York :
_bMcGraw Hill,
_c2015.
300 _axxi, 623 pages ;
_c29 cm
500 _aIncludes index.
650 0 _aAccounting.
700 1 _aSchaefer, Thomas F.
700 1 _aDoupnik, Timothy S.
906 _a7
_bcbc
_corignew
_d1
_eecip
_f20
_gy-gencatlg
942 _2lcc
_cBK
_kFOR
999 _c288977
_d288977